ประวัติศาสตร์มาเลเซีย สิงค์โปร์และบรูไน (ระเบียนเลขที่ 6764)
| 000 -LEADER | |
|---|---|
| fixed length control field | 01876nam a22003257a 4500 |
| 005 - DATE AND TIME OF LATEST TRANSACTION | |
| control field | 20251125232810.0 |
| 008 - FIXED-LENGTH DATA ELEMENTS--GENERAL INFORMATION | |
| fixed length control field | s2540 th tha d |
| 020 ## - INTERNATIONAL STANDARD BOOK NUMBER | |
| International Standard Book Number | 9742684669 |
| 040 ## - CATALOGING SOURCE | |
| Original cataloging agency | NALT |
| 041 ## - LANGUAGE CODE | |
| Language code of text/sound track or separate title | tha |
| 050 ## - LIBRARY OF CONGRESS CALL NUMBER | |
| Classification number | DS596 ท719ป 2540 |
| 100 0# - MAIN ENTRY--PERSONAL NAME | |
| Personal name | ทองสุก เกตุโรจน์, ผู้แปล |
| 245 10 - TITLE STATEMENT | |
| Title | ประวัติศาสตร์มาเลเซีย สิงค์โปร์และบรูไน |
| 246 ## - VARYING FORM OF TITLE | |
| Title proper/short title | \A \\history of Malaysia, Singapore and Brunei |
| 260 3# - PUBLICATION, DISTRIBUTION, ETC. | |
| Place of publication, distribution, etc. | กรุงเทพฯ : |
| Name of publisher, distributor, etc. | ศูนย์พัฒนาหนังสือ กรมวิชาการ กระทรวงศึกษาธิการ, |
| Date of publication, distribution, etc. | 2540 |
| 300 ## - PHYSICAL DESCRIPTION | |
| Extent | 554 หน้า : |
| Other physical details | ภาพประกอบ ; |
| Dimensions | 23 ซม. |
| 650 04 - SUBJECT ADDED ENTRY--TOPICAL TERM | |
| Topical term or geographic name entry element | บรูไน -- การเมืองและการปกครอง |
| 650 04 - SUBJECT ADDED ENTRY--TOPICAL TERM | |
| Topical term or geographic name entry element | บรูไน -- ประวัติศาสตร์ |
| 650 04 - SUBJECT ADDED ENTRY--TOPICAL TERM | |
| Topical term or geographic name entry element | มาเลเซีย -- การเมืองและการปกครอง |
| 650 04 - SUBJECT ADDED ENTRY--TOPICAL TERM | |
| Topical term or geographic name entry element | บรูไน -- ความสัมพันธ์กับต่างประเทศ |
| 650 04 - SUBJECT ADDED ENTRY--TOPICAL TERM | |
| Topical term or geographic name entry element | มาเลเซีย -- ความสัมพันธ์กับต่างประเทศ |
| 650 04 - SUBJECT ADDED ENTRY--TOPICAL TERM | |
| Topical term or geographic name entry element | มาเลเซีย -- ประวัติศาสตร์ |
| 650 04 - SUBJECT ADDED ENTRY--TOPICAL TERM | |
| Topical term or geographic name entry element | สิงคโปร์ -- ความสัมพันธ์กับต่างประเทศ |
| 650 04 - SUBJECT ADDED ENTRY--TOPICAL TERM | |
| Topical term or geographic name entry element | สิงคโปร์ -- การเมืองและการปกครอง |
| 650 04 - SUBJECT ADDED ENTRY--TOPICAL TERM | |
| Topical term or geographic name entry element | สิงคโปร์ -- ประวัติศาสตร์ |
| 700 0# - ADDED ENTRY--PERSONAL NAME | |
| Personal name | ทองสุก เกตุโรจน์, ผู้แปล |
| 850 ## - HOLDING INSTITUTION | |
| Holding institution | NALT |
| 856 40 - ELECTRONIC LOCATION AND ACCESS | |
| Uniform Resource Identifier | <a href="https://hdl.handle.net/20.500.14156/401661">https://hdl.handle.net/20.500.14156/401661</a> |
| 942 ## - ADDED ENTRY ELEMENTS (KOHA) | |
| Koha item type | General Book |
| Koha issues (borrowed), all copies | 1 |
| Source of classification or shelving scheme | Library of Congress Classification |
| Withdrawn status | Lost status | Damaged status | Not for loan | Collection code | Home library | Current library | Total Checkouts | Full call number | Barcode | Date last seen | Date last checked out | Price effective from | Koha item type |
|---|---|---|---|---|---|---|---|---|---|---|---|---|---|
| General Book collection | National Assembly Library of Thailand | National Assembly Library of Thailand | 1 | DS 596 ท719ป 2540 | 3961111617 | 17/10/2017 | 05/10/2017 | 09/06/2017 | General Book |
